000
00371nam a22001457a 4500
040
_c
PK-NSHSNUST
100
_a
Abdul Wahab Dogar
_9
122923
245
_a
General Surgery
250
_a
4th Edition
260
_a
Karachi
_b
Farooq Kitab Ghar
_c
2016
300
_a
vii, 280
_b
24 cm
546
_a
English
942
_2
ddc
_c
BK
999
_c
609300
_d
609300